000 01228nam0a2200337 4500
001 RU\NLR\bibl\483507
005 20260406164845.0
010 _a5-98012-003-3
_9500
021 _aRU
_b2003-66783
_93292
035 _a(NLR Aleph) 000476261
090 _a1025177
_c1025177
100 _a20030304d2003 |||y0rusy50 ca
101 1 _arus
102 _aRU
105 _ay |||||||||
200 1 _aЭнергия мысли
_eИскусство созидат. мышления
_fСан Лайт
_g[Пер. Виссарионов С.М.]
210 _aСПб.
_cСвятослав
_d2003
215 _a157, [1] с.
_d17
225 1 _aМетапсихология
225 1 _aВеликое искусство жизни
_iАюрведа
320 _a"Кн. Сан Лайта": с. 2
606 0 _aПсихоэнергетика
_92099156
_3RU\NLR\auth\661269768
606 0 _aПсихогигиена
_9929392
_3RU\NLR\auth\6623393
686 _aЮ937.2
686 _aЮ969
700 1 _4070
_8rus
_7ca
_aНеаполитанский
_bС. М.
_gСергей Михайлович
_3RU\NLR\AUTH\7711297
_9121048
801 0 _aRU
_bNLR
_c20040126
_gPSBO
801 1 _aRU
_bNLR
_c20040126
942 _cBOOK
980 _aNB